000 01408cam a2200337 a 4500
001 3053695
003 AUA.1
005 20160126160041.0
008 960730r19969999nyu 001 0deng
010 _a 96034667
020 _a0399142789 (v. 1 : alk. paper)
040 _aDLC
_cDLC
_dDLC
050 0 0 _aBF 1999
_b.W228 1996
082 0 0 _a133.9/3
_220
100 1 _aWalsch, Neale Donald.
_92091
245 1 0 _aConversations with God :
_ban uncommon dialogue /
_cNeale Donald Walsch.
250 _a1st hardcover ed.
260 _aNew York :
_bG.P. Putnam's Sons,
_c1996-
300 _av. <1 > ;
_c22 cm.
500 _aOriginally published: Hampton Roads Pub., 1995.
500 _aIncludes index.
650 0 _aGod
_xMiscellanea.
_92092
650 0 _aSpiritual life
_xMiscellanea.
_92093
650 0 _aPrivate revelations.
_92094
650 0 _aImaginary conversations
_951291
856 4 2 _3Publisher description
_uhttp://www.loc.gov/catdir/enhancements/fy0716/96034667-d.html
906 _a7
_bcbc
_corignew
_d1
_eocip
_f19
_gy-gencatlg
942 _2lcc
_cBOOK
_hBF 1999
_i.W228 1996
999 _c598
_d598